Statystyki dla Wszyscy polskie kluby piłkarskie na literę C

Kliknij tutaj aby rozwiązać quiz!

Ogólne statystyki

  • Ten quiz został rozwiązany 8 razy
  • Średni wynik to 5 z 161

Statystyki odpowiedzi

Odpowiedź% Poprawnych
Chojniczanka Chojnice
57%
Chrobry/Dąb II Boleszkowice
43%
Cracovia
43%
Chrobry Głogów
29%
Concordia Knurów
29%
Czarni Połaniec
29%
Czarni Sosnowiec
29%
Calisia Kalisz
14%
Carina Gubin
14%
Cartusia Kartuzy
14%
Chemik Bydgoszcz
14%
Chemik Kędzierzyn-Koźle
14%
Concordia Elbląg
14%
Concordia Murowana Goślina
14%
Concordia Piotrków Trybunalski
14%
Cosmos Radzimów
14%
Cuiavia Inowrocław
14%
Czarni-Góral Żywiec
14%
Czarni Gorzyce
14%
Czarni Otmuchów
14%
Czarni Pyskowice
14%
Czarni Żagań
14%
Czuwaj Przemyśl
14%
Calc Poświętne Wrocławia Kalisz Pomorski
0%
Carbo Gliwice
0%
Car-Bon Trzebień
0%
Cargovia Kargowa
0%
Cedron Brody
0%
Cedronka Wola Radziszowska
0%
Celtic Reda
0%
Celuloza Kostrzyn nad Odrą
0%
Centra Ostrów Wielkopolski
0%
Centrum Dąbrowa Górnicza
0%
Centrum Ligota
0%
Centrum Pelplin
0%
Ceramika Hadykówka
0%
Ceramika Harasiuki
0%
Ceramika Muchówka
0%
Ceramika Opoczno
0%
Ceramik Łubiana
0%
Cezar Kępa Bogumiłowicka
0%
Cheko Skórzno
0%
Chełmianka Chełm
0%
Chełminianka Chełmno
0%
Chełm Stryszów
0%
Chełmy Chełmiec Piotrowice
0%
Chemik Pustków
0%
ChKS Łódź
0%
Chlebianka Chlebna
0%
Chmielanka Chmieleń
0%
Chojniak Wieniawa
0%
Chojnik Jelenia Góra
0%
Chojnowianka Chojnów
0%
Chrobry Charbrowo
0%
Chrobry Drzeńsko
0%
Chrobry Lisie Pole
0%
Chrobry Nowogrodziec
0%
Cicha Woda Tyniec Legnicki
0%
Ciężkowianka Ciężkowice
0%
Ciężkowianka Jaworzno
0%
Cis Brzeźnica
0%
Cis Cekcyn
0%
Cisy Jabłonica Polska
0%
Cisy Nałęczów
0%
CKS Zbiersk
0%
CKS Zduny
0%
Clavia Świątniki Górne
0%
Clepardia Kraków
0%
Clescevia Kleszczewo
0%
Concordia Matczyn
0%
Cosmos Józefów
0%
Cosmos Milików
0%
Crasnovia Krasne
0%
Cresovia Górowo Iławeckie
0%
Cresovia Kalników
0%
Cresovia Krzezcowice
0%
Cresovia Siemiatycze
0%
Cukrownik Chybie
0%
Cukrownik Fabianki
0%
Cukrownik Mielno
0%
Cukrownik/Polonia Pszenno
0%
Cukrownik Tuczno
0%
Cukrownik Włostów
0%
CWKS Legia Warszawa
0%
Cyklon Kończewice
0%
Cyrhla Krzczonów
0%
Czardasz Osiek Jasielski
0%
Czarni Bednary
0%
Czarni Bolestraszyce
0%
Czarni Braszowice
0%
Czarni Bruskowo Wielkie
0%
Czarni Chotków
0%
Czarni Chrząstawa
0%
Czarni Czarne
0%
Czarni Czarnówko
0%
Czarni Czarnowo
0%
Czarni Czarny Dunajec
0%
Czarni Czerna
0%
Czarni Czudec
0%
Czarni Dęblin
0%
Czarni Dobrzyca
0%
Czarni Dziewień
0%
Czarni Golanka Dolna
0%
Czarni Jelcz-Laskowice
0%
Czarni Jelenin
0%
Czarni Kaźmierz
0%
Czarni Kobyle
0%
Czarni Kondratowice
0%
Czarni Korfantów
0%
Czarni Koziniec
0%
Czarni Kozłowa Góra
0%
Czarni Kraczkowa
0%
Czarni Kulin
0%
Czarni Lipa
0%
Czarni Lubanowo
0%
Czarni Lwów
0%
Czarni Lwówek Śląski
0%
Czarni Małdyty
0%
Czarni Marianowo
0%
Czarni Nakło nad Notecią
0%
Czarni Nowa Wieś
0%
Czarni Olecko
0%
Czarni Oleszyce
0%
Czarni Ostrowite
0%
Czarni Pawłosiów
0%
Czarni Piasek
0%
Czarni Pliszczyn
0%
Czarni Pruszcz Gdański
0%
Czarni Przedwojów
0%
Czarni Przegędza
0%
Czarni Przemysław
0%
Czarni Przybyniec
0%
Czarni Puszno Godowskie
0%
Czarni Radomsko
0%
Czarni Rempin
0%
Czarni Rokitki
0%
Czarni Rozprza
0%
Czarni Rudno
0%
Czarni Rudzienice
0%
Czarni Rząśnia
0%
Czarni Ścinawa
0%
Czarni Siedlakowice
0%
Czarni Sieniawka
0%
Czarni Smardzew
0%
Czarni Sobocisko
0%
Czarni Sójkowa
0%
Czarni Staniątki
0%
Czarni Strzyżowiec
0%
Czarni Sucha Góra
0%
Czarni Trześń
0%
Czarni Wałbrzych
0%
Czarni Węgrów
0%
Czarni Witnica
0%
Czarni Wróblewo
0%
Czarnovia Czarna
0%
Czarnovia Kielce
0%
Czcibor Cedynia
0%
Czekaj Ropczyce
0%
Czermna Kudowa Zdrój
0%
Czerwoni Cewków
0%
Czestochówka Parkitka
0%

Rozkład punktacji

Percentyl według liczby udzielonych odpowiedzi

Procent ludzi z każdym wynikiem

Twoja historia wyników

Nie rozwiązałeś tego quizu